书目信息 |
| 题名: |
西方文化史
|
|
| 作者: | 庄锡昌 主编 | |
| 分册: | ||
| 出版信息: | 北京 高等教育出版社 1999 |
|
| 页数: | 384页 | |
| 开本: | 20cm | |
| 丛书名: | ||
| 单 册: | ||
| 中图分类: | K500.3 | |
| 科图分类: | ||
| 主题词: | 欧洲--历史 | |
| 电子资源: | ||
| ISBN: | 7-04-007122-3 | |
| 000 | 00639nam0 2200205 450 | |
| 001 | 0762056810 | |
| 005 | 20070716091125.12 | |
| 010 | @a7-04-007122-3@dCNY12.00 | |
| 100 | @a20070623d1999 km y0chiy0120 ea | |
| 101 | 0 | @achi |
| 102 | @aCN@b110000 | |
| 200 | 1 | @a西方文化史@Axi fang wen hua shi@b高教版@f庄锡昌主编@Fzhuang xi chang zhu bian |
| 210 | @a北京@c高等教育出版社@d1999 | |
| 215 | @a384页@d20cm | |
| 300 | @a师范高等专科学校历史专业系列教材 全国师范高等专科学校文科教材编委会组编 | |
| 606 | 0 | @a欧洲@x历史 |
| 690 | @aK500.3@v3 | |
| 701 | 0 | @a庄锡昌@Azhuang xi chang@4主编 |
| 801 | 0 | @aCN@bPFT@c20070716 |
| 905 | @a10447@dK500.3@e16 | |
| 西方文化史[高教版]/庄锡昌主编.-北京:高等教育出版社,1999 |
| 384页;20cm |
| 师范高等专科学校历史专业系列教材 全国师范高等专科学校文科教材编委会组编 |
| ISBN 7-04-007122-3:CNY12.00 |
| ● |
| 相关链接 |
|
|
|
|
正题名:西方文化史
索取号:K500.3/16
 
预约/预借
| 序号 | 登录号 | 条形码 | 馆藏地/架位号 | 状态 | 备注 |
| 1 | 0679529 | 206795299 | 第二样本阅览室/ [索取号:K500.3/16] | 在馆 | |
| 2 | 0679530 | 206795306 | 第二借阅区/ [索取号:K500.3/16] | 在馆 | |
| 3 | 0679531 | 206795315 | 密集书库/ [索取号:K500.3/16] | 在馆 | |
| 4 | 0679532 | 206795324 | 密集书库/ [索取号:K500.3/16] | 在馆 | |
| 5 | 0679533 | 206795333 | 密集书库/ [索取号:K500.3/16] | 在馆 | |
| 6 | 0679534 | 206795342 | 库房3/ [索取号:K500.3/16] | 在馆 | |
| 7 | 0679535 | 206795351 | 库房3/ [索取号:K500.3/16] | 在馆 | |
| 8 | 0679536 | 206795360 | 库房3/ [索取号:K500.3/16] | 在馆 | |
| 9 | 0679537 | 206795379 | 库房3/ [索取号:K500.3/16] | 在馆 | |
| 10 | 0679538 | 206795388 | 库房3/ [索取号:K500.3/16] | 在馆 | |
| 11 | 0679539 | 206795397 | 库房3/ [索取号:K500.3/16] | 在馆 | |
| 12 | 0777760 | 207777609 | 密集书库/ [索取号:K500.3/16] | 在馆 |